| 000 | 00706nam a22002177a 4500 | ||
|---|---|---|---|
| 001 | 114690 | ||
| 003 | DR-UNIBE | ||
| 005 | 20260527130923.0 | ||
| 008 | 260527b2009 nq ||||| |||| 00| 0 spa d | ||
| 020 | _a9789992496428 | ||
| 040 |
_aBIBLIOTECA UNIBE _cBIBLIOTECA UNIBE _erda |
||
| 041 | _aspa | ||
| 082 | _a341.55 G984c 2009 | ||
| 100 |
_9205638 _aGutiérrez G., Carlos José _eautor |
||
| 245 | 1 | 3 |
_aLa Corte de Cartago (Corte de Justicia Centroamericana) / _cCarlos José Gutiérrez G. |
| 250 | _a Segunda edición | ||
| 260 |
_aManagua : _bCorte Centroamericana de Justicia, _c2009 |
||
| 300 | _a159 páginas | ||
| 650 | 7 |
_2lemb _aDerecho internacional _zAmérica Central _9205639 |
|
| 942 |
_2ddc _cBK |
||
| 999 |
_c114690 _d114690 |
||